| 000 | 00368nam a22001577a 4500 | ||
|---|---|---|---|
| 999 |
_c11476 _d11476 |
||
| 003 | OSt | ||
| 008 | 220823b ||||| |||| 00| 0 eng d | ||
| 020 | _a9789327292596 | ||
| 082 | _a658.1 GAF | ||
| 100 | _aGarg,Ashu K & etc | ||
| 245 | _aForeign Trade of India | ||
| 260 |
_aNew Delhi _bKalyani _c2018 |
||
| 300 | _aMISC | ||
| 650 | _aCommerce | ||
| 942 |
_2ddc _cBK _017 |
||